000 00487nam a2200181Ia 4500
003 IN-BaIIA
008 211028s9999 xx 000 0 eng d
020 _a0-14-400033-4
040 _cIIA Library
080 _a793.31
_bNAI
100 _aNair, Anita
_929766
245 0 _aMistress
_cAnita Nair
260 _aNew Delhi
_bPenguin Books
_c2005
300 _ax, 428p.
650 _aArt
_913780
650 _aKathakali
_929767
942 _cBK
999 _c16092
_d16092